Najlepsi strzelcy Olympique Lyonu - Statystyki

Ogólne statystyki
  • Ten quiz został rozwiązany 30 razy
  • Średni wynik to 5 z 15
Statystyki odpowiedzi
Lata Narodowość Ilość goli Piłkarz % Poprawnych
2017-teraz Holandia 58 Depay
81%
2005-2009 Francja 66 Benzema
65%
2009-2017 Francja 129 Lacazette
65%
2018-teraz Francja 44 Dembele
58%
2000-2009 Brazylia 100 Juninho
54%
2015-teraz Wybrzeże Kości Słoniowej 47 Cornet
38%
2013-2019 Francja 69 Fekir
35%
2009/2013 Argentyna 82 Lopez
35%
2009-2014 Francja 95 Gomis
23%
2005-2009 Brazylia 43 Fred
15%
1999-2010 Francja 76 Govou
12%
1999-2003 Brazylia 92 Anderson
8%
2001-2004 Francja 46 Luyindula
8%
1996-1999 Francja 61 Caveglia
0%
1992-1997 Francja 45 Maurice
0%
Nie znaleziono quizów pasujących do podanych kryteriów
Rozkład punktacji
Procent ludzi z każdym wynikiem
Percentyl według liczby udzielonych odpowiedzi
Twoja historia wyników
Nie rozwiązałeś tego quizu